000 00842cab a2200265 4500
001 ABS56606
008 090401t1997 xxu||||| |||| 00| 0 eng d
035 _a(Sirsi) u24811
041 _aeng
100 _aDonnellan, M.
245 _aWoolf means fast track to justice
260 _c1997
350 _a0
490 _aHousing
_vFebruary 1997, 26(1)
520 _aExamines changes to the procedures governing possession and disrepair cases, following the publication of the Woolf report, "Access to Justice".
650 _aACCESS TO JUSTICE
650 _aCIVIL PROCEDURE BILL
650 _aDISREPAIR
650 _aPOSSESSION PROCEEDINGS
650 _aWOOLF REPORT
690 _aPROPERTY-RESIDENTIAL PROPERTY-RESIDENTIAL LANDLORD AND TENANT-RESIDENTIAL TENANCIES
700 _aPayne, J.
942 _n0
948 _c04/03/1997
999 _c16645
_d16645